[Event "68. BEM 2014"]
[Site "Dortmund"]
[Date "2014.02.03"]
[Round "4.7"]
[White "Simon, Stefan"]
[Black "Raskin, Vitali"]
[Result "0-1"]
[WhiteElo "1431"]
[BlackElo "1619"]
[PlyCount "62"]
[EventDate "2014.??.??"]
[Source "SG Dortmund"]
[SourceDate "2004.12.16"]

1. e4 e5 2. Nf3 Nc6 3. Bc4 d6 4. Nc3 Be6 5. Bb5 a6 6. Ba4 Nf6 7. d3 b5 8. Bb3
Nd4 9. Nxd4 exd4 10. Ne2 c5 11. Bxe6 fxe6 12. O-O Be7 13. Bg5 O-O 14. Nf4 Qd7
15. Qd2 Nxe4 16. Qe2 Nxg5 17. Qg4 Ra7 18. h4 e5 19. Qxd7 Rxd7 20. Nd5 Ne6 21.
g3 Bd8 22. Rae1 g5 23. hxg5 Nxg5 24. f4 Nf7 25. fxe5 dxe5 26. Nf6+ Bxf6 27.
Rxf6 Ng5 28. Rxf8+ Kxf8 29. Kg2 Re7 30. Rf1+ Kg7 31. Rf5 h6 0-1

[Event "68. BEM 2014"]
[Site "Dortmund"]
[Date "2014.02.03"]
[Round "4.8"]
[White "Kartsev, Nikolaj"]
[Black "Brohl, Thomas"]
[Result "1-0"]
[WhiteElo "1519"]
[BlackElo "1523"]
[PlyCount "37"]
[EventDate "2014.??.??"]
[Source "SG Dortmund"]
[SourceDate "2004.12.16"]

1. e4 e5 2. Nf3 d6 3. d4 exd4 4. Nxd4 Nf6 5. Nc3 Be7 6. Be2 O-O 7. O-O b6 8.
Bf3 Bb7 9. e5 Bxf3 10. Qxf3 dxe5 11. Qxa8 exd4 12. Rd1 c5 13. Qf3 Bd6 14. Ne4
Nxe4 15. Qxe4 Re8 16. Qg4 Qf6 17. Bg5 Qg6 18. Re1 Be5 19. Rxe5 1-0

[Event "68. BEM 2014"]
[Site "Dortmund"]
[Date "2014.02.03"]
[Round "4.9"]
[White "Simon, Thomas"]
[Black "Begna, Bozidar"]
[Result "0-1"]
[WhiteElo "1730"]
[BlackElo "1958"]
[PlyCount "170"]
[EventDate "2014.??.??"]
[Source "SG Dortmund"]
[SourceDate "2004.12.16"]

1. Nf3 Nf6 2. g3 b5 3. Bg2 Bb7 4. O-O e6 5. d3 c5 6. c4 bxc4 7. dxc4 Be7 8. Nc3
O-O 9. Bg5 h6 10. Bf4 d6 11. Qc2 Nc6 12. Rfd1 a6 13. Rac1 Qc7 14. b3 Rac8 15.
Rb1 Qb8 16. a3 Rfd8 17. b4 cxb4 18. axb4 Na7 19. Qa2 Ne4 20. Nxe4 Bxe4 21. Qxa6
Bxb1 22. Rxb1 Rc6 23. Qa2 Nc8 24. Nd4 Rc7 25. Nc6 Rxc6 26. Bxc6 Qb6 27. Bf3 Bf6
28. Be3 Qc7 29. b5 Nb6 30. Qa5 Rb8 31. Rc1 Bb2 32. Rc2 Bf6 33. c5 dxc5 34. Rxc5
Qd8 35. Rc6 Nd7 36. Qxd8+ Bxd8 37. Rd6 Ne5 38. Bc6 Be7 39. Rd1 Nxc6 40. bxc6
Kf8 41. Bf4 Rc8 42. Rb1 Ke8 43. Rc1 Ba3 44. Rc2 Ke7 45. e4 Bd6 46. Be3 Kd8 47.
Bb6+ Ke7 48. f4 f6 49. Kg2 Bc7 50. Bd4 e5 51. Be3 exf4 52. gxf4 h5 53. Kf3 g6
54. h3 Ke6 55. Bc1 Rb8 56. Rb2 Kd6 57. Rxb8 Bxb8 58. Bb2 (58. f5 $1 g5 59. Bb2)
58... Kxc6 59. Bxf6 Kd7 60. Bg5 Ke6 61. Ke3 Ba7+ 62. Kd3 Bb6 63. Kc4 Ba5 64.
Kb5 Be1 65. Kc6 Ba5 66. Bh4 Bd2 67. Bg5 Be1 68. Kc7 Ba5+ 69. Kc8 Bb6 70. Bd8
Bf2 71. Bc7 Bh4 72. e5 $4 Bg3 73. Kd8 Bxf4 74. Ke8 Bxe5 ({Etwas genauer war} 
74... g5 {nebst} 75. -- h4) 75. Bd8 Bf6 76. Bc7 g5 77. Bg3 Be5 78. Bf2 Kf5 79.
Kf7 h4 80. Be1 Bg3 81. Bd2 Bf4 82. Be1 Be3 83. Ke7 Kf4 84. Kf6 Kf3 85. Kf5 g4
0-1

[Event "68. BEM 2014"]
[Site "Dortmund"]
[Date "2014.02.03"]
[Round "4.10"]
[White "Kawka, Bogdan"]
[Black "Grube, Jörg"]
[Result "0-1"]
[WhiteElo "1118"]
[BlackElo "1810"]
[PlyCount "96"]
[EventDate "2014.??.??"]
[Source "SG Dortmund"]
[SourceDate "2004.12.16"]

1. d4 Nf6 2. c4 e6 3. Bg5 Bb4+ 4. Bd2 Be7 5. Nc3 d5 6. e3 O-O 7. Nf3 b6 8. Bd3
Bb7 9. cxd5 exd5 10. O-O Re8 11. Rc1 Nbd7 12. Nb5 c6 13. Nc3 Bd6 14. Re1 c5 15.
b3 Ne4 16. Ne2 Ndf6 17. h3 Bc7 18. Bc3 Nxc3 19. Nxc3 Ne4 20. Ne2 Qd6 21. Qc2
Rac8 22. Nc3 a6 23. Ne5 f6 24. Nf3 cxd4 25. exd4 Ng5 26. Rxe8+ Rxe8 27. g3
Nxf3+ 28. Kf1 Nxd4 29. Bxh7+ Kf8 30. Qd3 {(=)} 30... Qe5 31. Rd1 Nb5 32. Ne2
Qh5 33. Bf5 Qxe2+ 34. Qxe2 Rxe2 35. Kxe2 Nc3+ 36. Kd2 Nxd1 37. Kxd1 Ke7 38. Kd2
Kd6 39. b4 Ke5 40. Bd3 b5 41. Ke3 Bb6+ 42. Ke2 Bc8 43. h4 Bf5 44. f3 Bxd3+ 45.
Kxd3 Bf2 46. g4 Kf4 47. Ke2 Bxh4 48. a3 g5 0-1

[Event "68. BEM 2014"]
[Site "Dortmund"]
[Date "2014.02.03"]
[Round "4.11"]
[White "Gegner, Michael"]
[Black "Rauschenbusch, Udo"]
[Result "1/2-1/2"]
[WhiteElo "1491"]
[BlackElo "1651"]
[PlyCount "31"]
[EventDate "2014.??.??"]
[Source "SG Dortmund"]
[SourceDate "2004.12.16"]

1. d4 Nf6 2. Nc3 d5 3. e4 dxe4 4. f3 Bf5 5. g4 Bd7 6. g5 Nh5 7. fxe4 g6 8. Nf3
Bg7 9. Be2 Bg4 10. Be3 Nc6 11. e5 O-O 12. Qd2 a6 13. Ne4 Qd5 14. Nc3 Qd7 15.
Ne4 Qd5 16. Nc3 1/2-1/2

[Event "68. BEM 2014"]
[Site "Dortmund"]
[Date "2014.02.03"]
[Round "4.12"]
[White "Duschek, Günter"]
[Black "Sohraby, Darjusch"]
[Result "1-0"]
[WhiteElo "1482"]
[BlackElo "1292"]
[PlyCount "21"]
[EventDate "2014.??.??"]
[Source "SG Dortmund"]
[SourceDate "2004.12.16"]

1. d4 d5 2. Bf4 Nf6 3. Nf3 Bg4 4. Nbd2 e6 5. h3 Bh5 6. e3 Nbd7 7. c3 c5 8. Qb3
b6 9. Ba6 Qe7 10. Bb7 c4 11. Qa4 1-0

[Event "68. BEM 2014"]
[Site "Dortmund"]
[Date "2014.02.03"]
[Round "4.13"]
[White "Grawe, Herbert"]
[Black "Busse, Siegfried"]
[Result "0-1"]
[WhiteElo "1463"]
[BlackElo "1284"]
[PlyCount "80"]
[EventDate "2014.??.??"]
[Source "SG Dortmund"]
[SourceDate "2004.12.16"]

1. f4 d5 2. Nf3 Nc6 3. d4 h6 4. Nc3 Nf6 5. h3 e6 6. e3 a6 7. a3 Be7 8. Bd3 Nh5
9. O-O Nf6 10. Qe1 b6 11. Qg3 Nh5 12. Qg4 g6 13. Bxg6 Nf6 14. Bxf7+ Kxf7 15.
Ne5+ Nxe5 16. fxe5 Rg8 17. Qh5+ Rg6 18. Ne2 Kg7 19. exf6+ Bxf6 20. Nf4 Rg5 21.
Qf3 Qe8 22. e4 Bxd4+ 23. Kh1 Bb7 24. e5 Bxe5 25. h4 Rf5 26. Qg4+ Kh7 27. Bd2
Qg8 28. Qh3 Raf8 29. Qd3 d4 30. Rg1 c5 31. b3 Qg4 32. Raf1 Kh8 33. Rf3 Bxf3 34.
Ng6+ Qxg6 35. gxf3 Qh7 36. Qe4 Rh5 37. Qg4 Rhf5 38. f4 Bxf4 39. Bxf4 Rxf4 40.
Qh5 Qe4+ 0-1

[Event "68. BEM 2014"]
[Site "Dortmund"]
[Date "2014.02.03"]
[Round "4.14"]
[White "Pachura, Karl-Heinz"]
[Black "Schlettig, Hans-Joachim"]
[Result "0-1"]
[WhiteElo "1396"]
[BlackElo "1183"]
[PlyCount "72"]
[EventDate "2014.??.??"]
[Source "SG Dortmund"]
[SourceDate "2004.12.16"]

1. e4 e5 2. Nf3 c6 3. Nxe5 d5 4. exd5 Qe7 5. Qe2 cxd5 6. Nf3 Bg4 7. Qxe7+ Nxe7
8. Bb5+ Nbc6 9. Ne5 Be6 10. d4 f6 11. Nd3 a6 12. Bxc6+ Nxc6 13. c3 Be7 14. Nf4
Bf7 15. O-O O-O 16. a3 Bd6 17. Ne2 Rfe8 18. Bf4 Rxe2 19. Bxd6 Rae8 20. b4 Re1
21. Nd2 Rxa1 22. Rxa1 Re2 23. Rd1 Bg6 24. Bf4 Bd3 25. h4 Ne7 26. g4 Ng6 27. Bg3
Bc2 28. Rc1 Rxd2 29. Re1 Be4 30. h5 Nf8 31. Bd6 Rc2 32. Re3 Rc1+ 33. Kh2 Rh1+
34. Kg3 Rg1+ 35. Kf4 g5+ 36. hxg6 Nxg6# 0-1

[Event "68. BEM 2014"]
[Site "Dortmund"]
[Date "2014.02.03"]
[Round "4.15"]
[White "Sobottka, Hans-Gerald"]
[Black "Jentzsch, Werner Wilfried"]
[Result "1/2-1/2"]
[WhiteElo "876"]
[BlackElo "1337"]
[PlyCount "53"]
[EventDate "2014.??.??"]
[Source "SG Dortmund"]
[SourceDate "2004.12.16"]

1. e4 e5 2. Nf3 Nc6 3. Nc3 Nf6 4. Bb5 d6 5. O-O Bg4 6. h3 Bh5 7. d3 Be7 8. Bg5
Qd7 9. a4 a6 10. Bxc6 Qxc6 11. g4 Bg6 12. Nh4 O-O-O 13. Qf3 Kb8 14. Nf5 Bxf5
15. Bxf6 Bxg4 16. hxg4 Bxf6 17. Qf5 Qd7 18. Qxd7 Rxd7 19. Nd5 h5 20. Nxf6 gxf6
21. f3 hxg4 22. fxg4 Rh4 23. Rxf6 Rxg4+ 24. Kf2 Rd8 25. Rg1 Rdg8 26. Rxg4 Rxg4
27. Rxf7 1/2-1/2

[Event "68. BEM 2014"]
[Site "Dortmund"]
[Date "2014.02.03"]
[Round "4.18"]
[White "Schmidt, Andreas N"]
[Black "Reker, Gerhard"]
[Result "1-0"]
[WhiteElo "984"]
[BlackElo "890"]
[PlyCount "41"]
[EventDate "2014.??.??"]
[Source "SG Dortmund"]
[SourceDate "2004.12.16"]

1. e4 e5 2. d4 Nc6 3. d5 Nd4 4. Be3 Bc5 5. Bc4 d6 6. c3 Nc2+ 7. Qxc2 Bxe3 8.
fxe3 Qh4+ 9. g3 Qg4 10. Be2 Qg5 11. Nf3 Qxe3 12. Nbd2 Bg4 13. O-O-O Qxe2 14.
Qa4+ b5 15. Qa6 Bxf3 16. Qc6+ Ke7 17. Rhe1 Qxh2 18. Nxf3 Qxg3 19. Qxa8 Qxf3 20.
Qc8 c5 21. dxc6 1-0

[Event "68. BEM 2014"]
[Site "Dortmund"]
[Date "2014.02.04"]
[Round "5.1"]
[White "Schütz, Ralf"]
[Black "Brendemühl, Bernd"]
[Result "1/2-1/2"]
[WhiteElo "1824"]
[BlackElo "1961"]
[PlyCount "54"]
[EventDate "2014.??.??"]
[Source "SG Dortmund"]
[SourceDate "2004.12.16"]

1. e4 c5 2. Nf3 d6 3. d4 cxd4 4. Nxd4 Nf6 5. Nc3 g6 6. Be3 Bg7 7. f3 O-O 8. Qd2
Nc6 9. g4 Bd7 10. O-O-O Rc8 11. h4 h5 12. Be2 Ne5 13. Bh6 Nc4 14. Bxc4 Rxc4 15.
Bxg7 Kxg7 16. gxh5 Nxh5 17. Nf5+ Bxf5 18. exf5 Qa5 19. fxg6 fxg6 20. Qd3 Rfc8
21. Qd5 Qxd5 22. Rxd5 R8c5 23. Rd2 Rf5 24. Nd5 Re5 25. b3 Rc5 26. Nb4 Re3 27.
Nd5 Re5 1/2-1/2

[Event "68. BEM 2014"]
[Site "Dortmund"]
[Date "2014.02.04"]
[Round "5.2"]
[White "Krug, Roland"]
[Black "Kropp, Andreas"]
[Result "1/2-1/2"]
[WhiteElo "1767"]
[BlackElo "1948"]
[PlyCount "43"]
[EventDate "2014.??.??"]
[Source "SG Dortmund"]
[SourceDate "2004.12.16"]

1. d4 Nf6 2. c4 c5 3. e3 d5 4. dxc5 Qa5+ 5. Bd2 Qxc5 6. cxd5 Nxd5 7. Nc3 Nc6 8.
Nxd5 Qxd5 9. Bc3 Be6 10. Qxd5 Bxd5 11. Nf3 e6 12. Bb5 a6 13. Bxc6+ Bxc6 14. O-O
Bxf3 15. gxf3 Rd8 16. Rfd1 Bc5 17. Rxd8+ Kxd8 18. Kf1 f6 19. f4 Ke7 20. Rd1 Rd8
21. Rxd8 Kxd8 22. Ke2 1/2-1/2

[Event "68. BEM 2014"]
[Site "Dortmund"]
[Date "2014.02.04"]
[Round "5.3"]
[White "Stricker, Florian"]
[Black "Kartsev, Nikolaj"]
[Result "1-0"]
[WhiteElo "1891"]
[BlackElo "1519"]
[PlyCount "73"]
[EventDate "2014.??.??"]
[Source "SG Dortmund"]
[SourceDate "2004.12.16"]

1. d4 Nf6 2. c4 e5 3. dxe5 Ng4 4. Nf3 Nc6 5. e3 Ngxe5 6. Nxe5 Nxe5 7. Be2 Bc5
8. O-O O-O 9. Nc3 a5 10. b3 Ra6 11. Ne4 Rh6 12. g3 Be7 13. f4 f5 {(=)} 14. Qd5+
Nf7 15. Qxf5 c6 16. Nf2 d5 17. Qc2 Nd6 18. cxd5 Bf5 19. Qd2 cxd5 20. Qxd5+ Kh8
21. Bb2 Bd7 22. Ng4 Bc6 23. Qd4 Bf6 24. Nxf6 Rfxf6 25. Bf3 Qc7 26. Bxc6 Qxc6
27. Rac1 Qd7 28. e4 Qh3 29. Rc2 Rf7 30. f5 Re6 31. Qxd6 Re8 32. Qe6 Rff8 33.
Qd5 h5 34. Rc7 Rg8 35. Qd6 Kh7 36. Qg6+ Kh8 37. Qh6# 1-0

[Event "68. BEM 2014"]
[Site "Dortmund"]
[Date "2014.02.04"]
[Round "5.4"]
[White "Raskin, Vitali"]
[Black "Ewers, Christian"]
[Result "0-1"]
[WhiteElo "1619"]
[BlackElo "1692"]
[PlyCount "102"]
[EventDate "2014.??.??"]
[Source "SG Dortmund"]
[SourceDate "2004.12.16"]

1. e4 Nf6 2. e5 Nd5 3. c4 Nb6 4. d4 d6 5. exd6 cxd6 6. Nf3 g6 7. Nc3 Bg7 8. Be3
O-O 9. Be2 Nc6 10. O-O Bg4 11. c5 Nc8 12. h3 Bf5 13. a3 e5 14. d5 N6e7 15. g4
Bd7 16. Ne4 f5 17. Nxd6 Nxd6 18. cxd6 Nc8 19. Bg5 Qe8 20. gxf5 gxf5 21. Rc1
Nxd6 22. Qb3 h6 23. Be3 f4 24. Bc5 Bxh3 25. Nh4 Bxf1 26. Bxf1 Rc8 27. Rc2 Rd8
28. Qb4 Rf6 29. Bg2 Bf8 30. Bxd6 Bxd6 31. Qe4 Qh5 32. Nf3 Qg6 33. Re2 Qxe4 34.
Rxe4 Re8 35. Bh3 Kg7 36. Nd4 Rg6+ 37. Kf1 Kf6 38. Nf3 Re7 39. Be6 Rxe6 40. dxe6
Kxe6 41. Ke2 Kd5 42. Ra4 a6 43. Nd2 h5 44. Ra5+ b5 45. Rxa6 h4 46. Ra8 Rh6 47.
Rg8 h3 48. Rg1 e4 49. Rh1 f3+ 50. Ke3 Rh4 51. b4 Bf4# 0-1

[Event "68. BEM 2014"]
[Site "Dortmund"]
[Date "2014.02.04"]
[Round "5.5"]
[White "Grube, Jörg"]
[Black "Ziemek, Gerhard"]
[Result "1-0"]
[WhiteElo "1810"]
[BlackElo "1615"]
[PlyCount "82"]
[EventDate "2014.??.??"]
[Source "SG Dortmund"]
[SourceDate "2004.12.16"]

1. Nf3 d5 2. d4 Nc6 3. c4 Nf6 4. Nc3 e6 5. e3 Be7 6. Bd3 Bd7 7. a3 a6 8. b4 O-O
9. O-O Ng4 10. cxd5 exd5 11. Nxd5 Bd6 12. h3 Nf6 13. Nc3 Kh8 14. e4 Ng8 15. e5
Be7 16. d5 Na7 17. Re1 Re8 18. Nd4 c5 19. bxc5 Bxc5 20. Nb3 Bb6 21. Bb2 Qh4 22.
Qf3 Rac8 23. Re4 Qg5 24. Rb4 Nb5 25. Ne4 Qh6 26. Bxb5 axb5 27. Nd6 Rf8 28.
Nxf7+ Rxf7 29. Qxf7 Rc2 30. Bd4 Bxd4 31. Rxd4 Bxh3 32. gxh3 Qxh3 33. Na5 Qc3
34. Rad1 Qxa5 35. d6 Qd8 36. Rg4 g6 37. e6 Re2 38. d7 b6 39. Qe8 Qf6 40. Rg2
Rxe6 41. d8=Q Qe5 {und Schwarz gab auf, ohne 42.Dxg8# abzuwarten.} 1-0

[Event "68. BEM 2014"]
[Site "Dortmund"]
[Date "2014.02.04"]
[Round "5.6"]
[White "Rauschenbusch, Udo"]
[Black "Cogan, Leonid"]
[Result "1-0"]
[WhiteElo "1651"]
[BlackElo "1741"]
[PlyCount "41"]
[EventDate "2014.??.??"]
[Source "SG Dortmund"]
[SourceDate "2004.12.16"]

1. d4 Nf6 2. Bf4 e6 3. Nf3 Nh5 4. Bg5 Be7 5. Bxe7 Qxe7 6. c3 Nf6 7. Nbd2 d5 8.
e3 b6 9. Bd3 Bb7 10. O-O O-O 11. Ne5 Nbd7 12. f4 c5 13. Rc1 Rac8 14. Qf3 Nxe5
15. fxe5 Nd7 16. Qh5 h6 17. Rf3 f5 18. Rg3 Kh8 19. Nf3 Qf7 20. Rg6 Kg8 21. Qxh6
1-0

[Event "68. BEM 2014"]
[Site "Dortmund"]
[Date "2014.02.04"]
[Round "5.7"]
[White "Begna, Bozidar"]
[Black "Duschek, Günter"]
[Result "1/2-1/2"]
[WhiteElo "1958"]
[BlackElo "1482"]
[PlyCount "132"]
[EventDate "2014.??.??"]
[Source "SG Dortmund"]
[SourceDate "2004.12.16"]

1. e4 d5 2. exd5 Qxd5 3. Nc3 Qd8 4. d4 c6 5. Nf3 Bf5 6. Nh4 Bg6 7. Be3 e6 8.
Nxg6 hxg6 9. Ne4 Nf6 10. Bd3 Nbd7 11. c3 Nxe4 12. Bxe4 Nf6 13. Bf3 Qc7 14. g3
Nd5 15. Bd2 Be7 16. c4 Nf6 17. Qa4 Qd7 18. Be3 O-O 19. O-O a6 20. Qc2 Rac8 21.
Rfd1 b5 {(=)} 22. b3 b4 23. Qe2 a5 24. Rac1 Kh8 25. Qf1 Kg8 26. Qg2 Nh7 27. d5
cxd5 28. cxd5 Rxc1 29. Bxc1 exd5 30. Bxd5 Qf5 31. Be4 Qe6 32. h4 Nf6 33. Bf3
Qf5 34. Be3 Rd8 35. Rc1 Rc8 36. Rxc8+ Qxc8 37. Qf1 Qc2 38. Qe2 Qxe2 39. Bxe2
Nd5 40. Bd2 Bf6 {(=)} 41. Kf1 Nc3 42. Bxc3 Bxc3 43. Bc4 Kf8 44. Ke2 Ke7 45. g4
f6 46. f3 Be5 47. Ke3 Bg3 48. h5 gxh5 49. gxh5 Kd6 50. Ke4 Bf2 51. Kf5 Ke7 52.
f4 Bd4 53. Ke4 Bb6 54. Kd5 Be3 55. f5 Bb6 56. Kc6 Bd8 57. Bd5 Ke8 58. Be6 Ke7
59. Bg8 Ke8 60. Bh7 Ke7 61. Bg6 Kf8 62. Kd7 Bb6 63. Ke6 Bd8 64. Kd6 Bb6 65. Kd7
Bc5 66. Kc7 Be7 {(=)} 1/2-1/2

[Event "68. BEM 2014"]
[Site "Dortmund"]
[Date "2014.02.04"]
[Round "5.8"]
[White "Busse, Siegfried"]
[Black "Simon, Thomas"]
[Result "0-1"]
[WhiteElo "1284"]
[BlackElo "1730"]
[PlyCount "38"]
[EventDate "2014.??.??"]
[Source "SG Dortmund"]
[SourceDate "2004.12.16"]

1. e4 c5 2. c4 Nc6 3. Nf3 e5 4. a3 d6 5. d3 f5 6. Bg5 Be7 7. Bxe7 Qxe7 8. Nbd2
Nf6 9. Be2 O-O 10. O-O Nd4 11. Nxd4 cxd4 12. Qc2 fxe4 13. dxe4 Ng4 14. Nf3 b6
15. h3 Nf6 16. Bd3 Nh5 17. Kh2 Rxf3 18. gxf3 Qh4 19. Rg1 Qxh3# 0-1

[Event "68. BEM 2014"]
[Site "Dortmund"]
[Date "2014.02.04"]
[Round "5.9"]
[White "Benke, Werner"]
[Black "Gegner, Michael"]
[Result "0-1"]
[WhiteElo "1555"]
[BlackElo "1491"]
[PlyCount "58"]
[EventDate "2014.??.??"]
[Source "SG Dortmund"]
[SourceDate "2004.12.16"]

1. Nf3 h6 2. e4 g5 3. h3 Bg7 4. Bc4 d6 5. d3 e6 6. Nc3 f5 7. Nh2 h5 8. exf5
exf5 9. Bxg8 Rxg8 10. Qxh5+ Kf8 11. O-O Bxc3 12. bxc3 Qf6 13. Re1 Bd7 14. Be3
Nc6 15. Rab1 b6 16. Qf3 Re8 17. Bd2 Rxe1+ 18. Rxe1 Ne5 19. Qa8+ Kf7 20. Qxa7 g4
21. d4 Nf3+ 22. Nxf3 gxf3 23. g3 Rc8 24. Qb7 Qh8 25. Qxf3 Qxh3 26. Bg5 Kg6 27.
Bh4 Rh8 28. d5 Rxh4 29. gxh4 Qxf3 0-1

[Event "68. BEM 2014"]
[Site "Dortmund"]
[Date "2014.02.04"]
[Round "5.10"]
[White "Reinacher, Detlev"]
[Black "Simon, Stefan"]
[Result "1-0"]
[WhiteElo "1532"]
[BlackElo "1431"]
[PlyCount "51"]
[EventDate "2014.??.??"]
[Source "SG Dortmund"]
[SourceDate "2004.12.16"]

1. e4 c5 2. d3 e5 3. Nd2 Nc6 4. Ngf3 d6 5. c3 Nf6 6. g3 Bg4 7. Bg2 Be7 8. O-O
O-O 9. Qc2 Qc7 10. b3 d5 11. exd5 Nxd5 12. Re1 Bf6 13. Bb2 Rad8 14. Rac1 Bf5
15. Ne4 Qa5 16. a3 Be7 17. b4 cxb4 18. cxb4 Qb6 19. Nxe5 Nxe5 20. Bxe5 Rc8 21.
Qb2 f6 22. Bd4 Qa6 23. Nc5 Bxc5 24. Bxd5+ Kh8 25. Bxc5 Rfe8 26. Be4 1-0

[Event "68. BEM 2014"]
[Site "Dortmund"]
[Date "2014.02.04"]
[Round "5.11"]
[White "Zabel, Reinhard"]
[Black "Wangrin, Stefan A"]
[Result "1-0"]
[WhiteElo "1498"]
[BlackElo "1323"]
[PlyCount "123"]
[EventDate "2014.??.??"]
[Source "SG Dortmund"]
[SourceDate "2004.12.16"]

1. e4 c5 2. c3 e5 3. Nf3 Nc6 4. d4 cxd4 5. cxd4 Bb4+ 6. Bd2 exd4 7. Bxb4 Nxb4
8. Nxd4 Qa5 9. Qd2 Nc6 10. Qxa5 Nxa5 11. Nc3 Nc6 12. Ndb5 Kf8 13. Bc4 Nf6 14.
O-O Ne5 15. Bb3 g6 16. Rad1 Kg7 17. f4 Neg4 18. Rd3 a5 19. h3 Nh6 {(=)} 20. g4
Rd8 21. g5 Nfg8 22. gxh6+ Nxh6 23. Rfd1 b6 24. Nc7 Ra7 25. N3b5 Rb7 26. Kg2 d6
27. Rxd6 Rf8 28. Rd8 Rxd8 29. Rxd8 Rb8 30. Kg3 Ng8 31. Nd6 Nf6 32. Nce8+ Nxe8
33. Rxe8 Ra8 34. Rxc8 Ra7 35. Nb5 Rd7 36. Bd5 f5 37. Rc7 Rxc7 38. Nxc7 fxe4 39.
Bxe4 a4 40. Bc6 b5 41. Bxb5 Kf6 42. Bxa4 Ke7 43. b4 Kd6 44. Ne8+ Ke7 45. Bc6
Kd8 46. b5 Kc8 47. Nf6 Kc7 48. a4 Kb6 49. Nxh7 Ka5 50. Nf8 Kxa4 51. b6+ Kb4 52.
b7 Kc5 53. b8=Q Kxc6 54. Kf3 Kd5 55. Qb5+ Kd6 56. Qe5+ Kc6 57. Ke4 g5 58. Qd5+
Kc7 59. Qd7+ Kb8 60. Kd5 g4 61. Kc6 g3 62. Qb7# 1-0

[Event "68. BEM 2014"]
[Site "Dortmund"]
[Date "2014.02.04"]
[Round "5.12"]
[White "Schlettig, Hans-Joachim"]
[Black "Kawka, Bogdan"]
[Result "0-1"]
[WhiteElo "1183"]
[BlackElo "1118"]
[PlyCount "134"]
[EventDate "2014.??.??"]
[Source "SG Dortmund"]
[SourceDate "2004.12.16"]

1. d4 Nf6 2. c4 g6 3. Nf3 d6 4. Nc3 Bg7 5. Bg5 O-O 6. e3 Re8 7. Bd3 e5 8. Bxf6
Bxf6 9. d5 Nd7 10. h4 Nc5 11. Bc2 e4 12. Nd4 a5 13. h5 Bg7 14. hxg6 fxg6 15.
Nde2 Qg5 16. Rh2 Be5 17. g3 Bg4 18. Kd2 Qf6 19. Qh1 Bxc3+ 20. Nxc3 h5 21. Nxe4
Nxe4+ 22. Bxe4 Qxb2+ 23. Bc2 Bf5 24. Rc1 Re5 25. Kd1 Qxa2 26. e4 Qxc4 27. f3
Rf8 28. Bb1 Qd4+ 29. Rd2 Qa4+ 30. Bc2 Qd7 31. exf5 Rfe8 32. Be4 gxf5 33. Re2
fxe4 34. fxe4 Qg4 35. Qh4 Qxh4 36. gxh4 Rxe4 37. Rxe4 Rxe4 38. Rxc7 Rd4+ 39.
Kc2 Rxd5 40. Rxb7 Rd4 41. Ra7 a4 42. Ra8+ Kg7 43. Ra7+ Kf6 44. Ra6 Ke6 45. Kc3
Rxh4 46. Kb2 Rf4 47. Ka3 h4 48. Ra5 d5 49. Ra6+ Ke5 50. Rh6 Rd4 51. Rh5+ Kf6
52. Rh6+ Kg5 53. Rh8 Kg4 54. Rg8+ Kh3 55. Rg5 Kh2 56. Rh5 h3 57. Rh6 Rg4 58.
Rh5 Rf4 59. Rxd5 Kg2 60. Rg5+ Kf2 61. Rh5 Rf3+ 62. Kxa4 Kg2 63. Rg5+ Rg3 64.
Rb5 Rf3 65. Rg5+ Kf2 66. Rb5 h2 67. Rb2+ Kg1 0-1

[Event "68. BEM 2014"]
[Site "Dortmund"]
[Date "2014.02.04"]
[Round "5.13"]
[White "Brohl, Thomas"]
[Black "Sobottka, Hans-Gerald"]
[Result "1-0"]
[WhiteElo "1523"]
[BlackElo "876"]
[PlyCount "85"]
[EventDate "2014.??.??"]
[Source "SG Dortmund"]
[SourceDate "2004.12.16"]

1. e4 e5 2. Nf3 Nc6 3. Bb5 Bc5 4. O-O d6 5. d3 Nf6 6. Nc3 O-O 7. h3 Bd7 8. Bg5
h6 9. Bh4 Nd4 10. Bxf6 Qxf6 11. Bxd7 c6 12. Na4 Rad8 13. Nxc5 dxc5 14. Nxd4
Rxd7 15. Nf5 g5 16. Qh5 Kh7 17. g4 Qg6 18. Kg2 Qxh5 19. gxh5 Rg8 20. Kf3 f6 21.
Rg1 b5 22. h4 g4+ 23. Rxg4 Rxg4 24. Kxg4 Rd8 25. Ne7 Rd6 26. Kf5 Kg7 27. Rg1+
Kf7 28. Ng8 Rd8 29. Nxh6+ Ke7 30. Rg7+ Kf8 31. Rg8+ Ke7 32. Rxd8 Kxd8 33. Kxf6
Ke8 34. Kxe5 Kf8 35. Ke6 Kg7 36. Ng4 c4 37. f4 cxd3 38. cxd3 c5 39. f5 c4 40.
f6+ Kf8 41. h6 cxd3 42. h7 d2 43. h8=Q# 1-0

[Event "68. BEM 2014"]
[Site "Dortmund"]
[Date "2014.02.04"]
[Round "5.14"]
[White "Jentzsch, Werner Wilfried"]
[Black "Grawe, Herbert"]
[Result "1-0"]
[WhiteElo "1337"]
[BlackElo "1463"]
[PlyCount "99"]
[EventDate "2014.??.??"]
[Source "SG Dortmund"]
[SourceDate "2004.12.16"]

1. d4 Nc6 2. e4 e5 3. d5 Nce7 4. Nf3 Ng6 5. Bc4 h6 6. O-O d6 7. Nc3 a6 8. a4
Be7 9. Be3 Nf6 10. b4 Ng4 11. Bd2 Bg5 12. h3 Bxd2 13. Qxd2 Nf6 14. Bd3 Nh5 15.
Ne2 Nh4 16. Nxh4 Qxh4 17. f4 Bxh3 18. gxh3 Qxh3 19. Rf2 Nf6 20. Rh2 Qd7 21.
fxe5 dxe5 22. Ng3 O-O-O {Der folgende weisse Zug fehlt in beiden Notationen
und war nicht rekonstruierbar. Denkbar sind beispielweise Auslassungen wie
Zuege des weissen Laeufers oder 23.Tg2, wonach der Rest der Aufzeichnungen
schluessig ist:} 23. -- g5 24. Nf5 h5 25. b5 Kb8 26. bxa6 b6 27. Bb5 Nxe4 28.
Bxd7 Nxd2 29. Rxd2 Rxd7 30. c4 Ka7 31. a5 Rb8 32. axb6+ Rxb6 33. c5 Rb5 34. Rc1
Ra5 35. d6 c6 36. Ne7 Rxa6 37. Rf2 Ra4 38. Rxf7 Rg4+ 39. Kh2 Ka6 40. Rb1 Rb7
41. Ra1+ Kb5 42. Rb1+ Rb4 43. Rxb4+ Kxb4 44. Nxc6+ Kxc5 45. Rxb7 Kxd6 46. Nxe5
Kxe5 47. Rf7 h4 48. Kh3 Ke4 49. Kg4 Ke3 50. Kxg5 1-0

[Event "68. BEM 2014"]
[Site "Dortmund"]
[Date "2014.02.04"]
[Round "5.15"]
[White "Wilkins, Petra"]
[Black "Pachura, Karl-Heinz"]
[Result "0-1"]
[WhiteElo "942"]
[BlackElo "1396"]
[PlyCount "88"]
[EventDate "2014.??.??"]
[Source "SG Dortmund"]
[SourceDate "2004.12.16"]

1. d4 d5 2. Nf3 e6 3. e3 Nf6 4. c4 c5 5. b3 Nc6 6. Bd3 Be7 7. O-O Qc7 8. Nc3
O-O 9. Bb2 a6 10. Rc1 b6 11. a3 Rd8 12. Re1 e5 13. Bb1 Bg4 14. e4 dxe4 15. Nxe4
exd4 16. Qd3 g6 17. h3 Bf5 18. Qe2 Nxe4 19. Bxe4 Bxe4 20. Qxe4 Bf6 21. Rcd1 Re8
22. Qc2 Ne5 23. Nd2 d3 24. Qc1 Rad8 25. Qa1 Re6 26. Ne4 Bg7 27. Ng5 Ree8 28.
Rf1 f6 29. Ne4 f5 30. Nd2 Nc6 31. Nf3 Bxb2 32. Qxb2 Ne5 33. Ne1 Rd4 34. f4 Nf7
35. Nxd3 Red8 36. Rf3 Nd6 37. Ne5 Rxd1+ 38. Kh2 Ne4 39. b4 Nd2 40. Rg3 Nf1+ 41.
Kg1 Nxg3+ 42. Kh2 Nh5 43. Qc3 Nxf4 44. g3 R8d2+ 0-1

[Event "68. BEM 2014"]
[Site "Dortmund"]
[Date "2014.02.04"]
[Round "5.16"]
[White "Sohraby, Darjusch"]
[Black "Schmidt, Andreas N"]
[Result "1-0"]
[WhiteElo "1292"]
[BlackElo "984"]
[PlyCount "109"]
[EventDate "2014.??.??"]
[Source "SG Dortmund"]
[SourceDate "2004.12.16"]

1. d4 d5 2. Nf3 Nc6 3. Bf4 Bf5 4. a3 e6 5. e3 a6 6. c4 Nf6 7. Nc3 Bd6 8. Bxd6
Qxd6 9. c5 Qe7 10. Qb3 Rb8 11. Be2 O-O 12. Nh4 Bg4 13. Bxg4 Nxg4 14. Nf3 Rfd8
15. h3 Nh6 16. O-O e5 17. Nxd5 Qe6 18. e4 exd4 19. Qd3 f5 20. Nf4 Qxe4 21. Qxe4
fxe4 22. Ng5 Re8 23. Nfe6 Nf5 24. Rfe1 e3 25. fxe3 dxe3 26. g4 Nfd4 27. Nxd4
Nxd4 28. Rad1 Rbd8 29. Kg2 Re5 30. Nf3 Re4 31. Nxd4 Rdxd4 32. Rxd4 Rxd4 33.
Rxe3 Rd2+ 34. Kf3 Rxb2 35. Re7 Rb3+ 36. Ke4 c6 37. Ke5 b6 38. Rb7 Rb5 39. Kd6
Rxc5 40. Rxb6 Ra5 41. Rb3 c5 42. Ke6 h6 43. Rc3 c4 44. Kd6 Kf7 45. h4 h5 46.
gxh5 Rxh5 47. Rxc4 Kf6 48. a4 a5 49. Rf4+ Kg6 50. Kc6 Kh6 51. Kb6 g5 52. hxg5+
Rxg5 53. Rc4 Rg6+ 54. Kxa5 Rg5+ 55. Kb4 1-0